| 000 | 00994cam a2200325 a 4500 | ||
|---|---|---|---|
| 001 | 4793831 | ||
| 003 | OSt | ||
| 005 | 20140310182722.0 | ||
| 008 | 880202s1986 enka b 001 0 eng | ||
| 010 | _a 87169752 | ||
| 020 | _a9780330504232 | ||
| 040 |
_aDLC _cDLC _dDLC |
||
| 043 | _an-us--- | ||
| 050 | 0 | 0 |
_aHD 66 _b.Ad191 2009 |
| 082 | 0 | 0 |
_aM 658.402 _bA191 2009 |
| 100 | 1 |
_aAdair, John Eric, _d1934- |
|
| 245 | 1 | 0 |
_aEffective teambuilding : _cAdair, John _bhow to make a winning team / |
| 260 |
_aLondon : _bPan Books, _cc2009 |
||
| 300 |
_aviii,180 p. : _bill. ; _c20 cm. |
||
| 500 | _aIncludes index. | ||
| 504 | _aBibliography: p. 204-208. | ||
| 521 | _aCollege Students | ||
| 526 | _c1210L-1700L | ||
| 541 | _j1 | ||
| 562 | _eFor circulation. 1 copy available in the collection | ||
| 650 | 0 | _aTeams in the workplace. | |
| 650 | 0 |
_aManagement _xEmployee participation _zUnited States. |
|
| 906 |
_a7 _bcbc _corignew _d3 _encip _f19 _gy-gencatlg |
||
| 942 |
_2lcc _cBK _kM |
||
| 999 |
_c15356 _d15356 |
||